Zoe Saldana Movies - Statistics

General Stats
  • This quiz has been taken 25 times
    10 since last reset
  • The average score is 10 of 59
Answer Stats
Year Movie % Correct
2014 Guardians of the Galaxy
100%
2017 Guardians of the Galaxy Vol. 2.
89%
2023 Guardians of the Galaxy Vol. 3.
89%
2009 Avatar
78%
2025 Avatar 3
78%
2029 Avatar 4
78%
2031 Avatar 5
78%
2022 Avatar: The Way of the Water
78%
2019 Avengers: Endgame
78%
2018 Avengers: Infinity War
78%
2011 Colombiana
22%
2010 Death at A Funeral
22%
2003 Pirates of the Caribbean: The Curse of Black Pearl
22%
2009 Star Trek
22%
2016 Star Trek: Beyond
22%
2013 Star Trek: Into Darkness
22%
2010 The Losers
11%
2004 The Terminal
11%
2007 After Sex
0%
2022 Amsterdam
0%
2007 Blackout
0%
2013 Blond Ties
0%
2010 Burning Palms
0%
2000 Center Stage
0%
2005 Constellation
0%
2010 Crew Film: TheVolume
0%
2010 Crew Film: TheVolume
0%
2002 Crossroads
0%
2005 Dirty Deeds
0%
2002 Drumline
0%
TBD Fencer
0%
2001 Get Over it
0%
2023 Good Burger 2
0%
2005 Guess Who
0%
2004 Haven
0%
2017 I Kill Giants
0%
2014 Infinitely Polar Bear
0%
TBD Keyhole Garden
0%
2016 Live by Night
0%
2019 Missing Link
0%
2017 My Little Pony: The Movie
0%
2016 Nina
0%
2013 Out of the Furnace
0%
2006 Premium
0%
2001 Snipes
0%
2010 Takers
0%
2004 Temptation
0%
2024 The Absence of Eden
0%
2022 The Adam Project
0%
TBD The Bluff
0%
2014 The Book of Life
0%
2005 The Curse of Father Cardona
0%
2006 The Heart Specialist
0%
2018 The Honor List
0%
2009 The Skeptic
0%
2012 The Words
0%
2020 Vampires V.S. The Bronx
0%
2008 Vantage Point
0%
2021 Vivo
0%
No matching quizzes found
Score Distribution
Percent of People with Each Score
Percentile by Number Answered
Your Score History
You have not taken this quiz since the last reset